[Event "43rd Blackpool Chess Conference 2019"]
[Site "Blackpool"]
[Date "2019.03.09"]
[Round "2.10"]
[White "Phillips, David A"]
[Black "Moyse, Nigel John"]
[Result "1-0"]
[WhiteElo "2040"]
[BlackElo "2061"]
[Annotator "NA"]
[PlyCount "127"]
[EventDate "2019.03.08"]
[EventType "swiss"]
[EventCountry "ENG"]
[SourceTitle "playchess.com"]
[Source "ChessBase"]
[SourceQuality "1"]
[TimeControl "6600+10"]

1. Nf3 {[%emt 0:00:32]} Nf6 {[%emt 0:01:17]} 2. g3 {[%emt 0:00:12]} g6 {[%emt 0:00:25]} 3. b4 {[%emt 0:00:06]} Bg7 {[%emt 0:00:47]} 4. Bb2 {[%emt 0:00:06]} d6 {[%emt 0:00:37]} 5. Bg2 {[%emt 0:00:25]} O-O {[%emt 0:00:44]} 6. O-O {[%emt 0:00:12]} c6 {[%emt 0:01:06]} 7. c4 {[%emt 0:01:56]} Qb6 {[%emt 0:08:58]} 8. Qb3 {[%emt 0:02:41]} Na6 {[%emt 0:01:07]} 9. a3 {[%emt 0:01:23]} Nc5 {[%emt 0:12:00]} 10. Qc2 {[%emt 0:04:31]} Ncd7 $14 {[%emt 0:05:08]} 11. d4 {[%emt 0:04:22]} Qc7 {[%emt 0:01:21]} 12. Nbd2 {[%emt 0:07:27]} Rb8 {[%emt 0:01:46]} 13. e4 {[%emt 0:03:26]} Ne8 {[%emt 0:02:27]} 14. Rfe1 {[%emt 0:04:48]} b6 {[%emt 0:10:40]} 15. e5 {[%emt 0:05:36]} c5 {[%emt 0:03:09]} 16. exd6 {[%emt 0:11:29]} exd6 {[%emt 0:02:17]} 17. dxc5 {[%emt 0:02:58]} bxc5 {[%emt 0:04:45]} 18. Bxg7 {[%emt 0:03:01]} Nxg7 {[%emt 0:00:15]} 19. b5 {[%emt 0:02:52]} Ne5 {[%emt 0:03:52]} 20. Nxe5 {[%emt 0:02:19]} dxe5 {[%emt 0:00:13]} 21. Qe4 {[%emt 0:01:18]} f6 {[%emt 0:06:42]} 22. Nb3 {[%emt 0:11:50]} Bb7 {[%emt 0:05:35]} 23. Qe3 {[%emt 0:08:41]} Bxg2 {[%emt 0:01:44]} 24. Kxg2 {[%emt 0:00:10]} Rbc8 {[%emt 0:00:26]} 25. a4 {[%emt 0:11:13]} Rfd8 {[%emt 0:09:13]} 26. a5 {[%emt 0:05:01]} Nf5 {[%emt 0:06:15]} 27. Qf3 {[%emt 0:00:31]} Rd6 {[%emt 0:00:55]} 28. a6 {[%emt 0:03:17]} Nd4 {[%emt 0:05:29]} 29. Qc3 {[%emt 0:03:23]} Rcd8 {[%emt 0:07:02]} 30. Na5 {[%emt 0:00:31]} Rb6 {[%emt 0:01:48]} 31. Nb7 {[%emt 0:01:16]} Rxb7 {[%emt 0:00:08]} 32. axb7 {[%emt 0:00:32]} Qxb7+ {[%emt 0:00:02]} 33. f3 {[%emt 0:00:05]} Re8 {[%emt 0:00:45]} 34. Ra6 {[%emt 0:03:06]} f5 {[%emt 0:01:37]} 35. Rea1 {[%emt 0:00:06]} e4 {[%emt 0:00:36]} 36. Rxa7 {[%emt 0:00:43]} exf3+ {[%emt 0:00:09]} 37. Kf2 {[%emt 0:02:23]} Re2+ {[%emt 0:00:58]} 38. Kf1 {[%emt 0:00:21]} Qe4 {[%emt 0:00:45]} 39. Ra8+ {[%emt 0:00:01]} Kg7 {[%emt 0:00:36]} 40. R8a7+ {[%emt 0:00:07]} Kh6 {[%emt 0:01:29]} 41. Qc1+ {[%emt 0:00:02]} g5 {[%emt 0:01:02]} 42. R1a6+ {[%emt 0:00:06]} Kh5 {[%emt 0:00:05]} 43. Rxh7+ {[%emt 0:00:29]} Kg4 {[%emt 0:00:00]} 44. h3+ {[%emt 0:00:07]} Kxg3 {[%emt 0:00:43]} 45. Qxg5+ {[%emt 0:00:01]} Qg4 {[%emt 0:00:15]} 46. hxg4 {[%emt 0:00:17]} fxg4 {[%emt 0:00:07]} 47. Qh4+ {[%emt 0:00:03]} Kf4 {[%emt 0:00:02]} 48. Rf6+ {[%emt 0:00:02]} Ke3 {[%emt 0:00:27]} 49. Qxg4 {[%emt 0:00:45]} Rf2+ {[%emt 0:00:01]} 50. Kg1 {[%emt 0:00:06]} Ne2+ {[%emt 0:00:03]} 51. Kh1 {[%emt 0:00:06]} Rf1+ {[%emt 0:00:03]} 52. Kh2 {[%emt 0:00:07]} Rf2+ {[%emt 0:00:21]} 53. Kh3 {[%emt 0:00:04]} Nd4 {[%emt 0:00:18]} 54. Re7+ {[%emt 0:00:06]} Kd3 {[%emt 0:00:05]} 55. Qe4+ {[%emt 0:00:05]} Kxc4 {[%emt 0:00:03]} 56. Rd7 {[%emt 0:01:01]} Re2 {[%emt 0:00:11]} 57. Rxd4+ {[%emt 0:00:03]} cxd4 {[%emt 0:00:03]} 58. Qxf3 {[%emt 0:00:01]} Re3 {[%emt 0:00:01]} 59. Qxe3 {[%emt 0:00:03]} dxe3 {[%emt 0:00:01]} 60. b6 {[%emt 0:00:05]} e2 {[%emt 0:00:01]} 61. Re6 {[%emt 0:00:01]} Kc5 {[%emt 0:00:01]} 62. b7 {[%emt 0:00:02]} e1=Q 63. Rxe1 {[%emt 0:00:00]} Kc6 {[%emt 0:00:07]} 64. b8=Q {[%emt 0:02:01]} 1-0

[Event "43rd Blackpool Chess Conference 2019"]
[Site "Blackpool"]
[Date "2019.03.09"]
[Round "2.11"]
[White "Tarr, Steve F"]
[Black "Isherwood, Paul"]
[Result "1-0"]
[WhiteElo "1680"]
[BlackElo "1982"]
[Annotator "NA RC"]
[PlyCount "83"]
[EventDate "2019.03.08"]
[EventType "swiss"]
[EventCountry "ENG"]
[SourceTitle "playchess.com"]
[Source "ChessBase"]
[SourceQuality "1"]
[TimeControl "6600+10"]

1. d4 {[%emt 0:01:08]} d5 {[%emt 0:00:04]} 2. Bf4 {[%emt 0:01:11]} Nf6 {[%emt 0:00:11]} 3. Nc3 {[%emt 0:00:33]} Bf5 {[%emt 0:03:32]} 4. f3 {[%emt 0:00:51]} e6 {[%emt 0:02:46]} 5. g4 {[%emt 0:00:28]} Bg6 {[%emt 0:00:23]} 6. h4 {[%emt 0:00:25]} h6 {[%emt 0:04:42]} 7. e3 {[%emt 0:02:51]} Bd6 {[%emt 0:04:21]} 8. Nh3 {[%emt 0:01:20]} c6 {[%emt 0:05:14]} 9. Bd3 {[%emt 0:01:18]} Bxd3 {[%emt 0:04:36]} 10. Qxd3 {[%emt 0:00:10]} Bxf4 {[%emt 0:07:48]} 11. Nxf4 {[%emt 0:00:59]} Nbd7 {[%emt 0:01:37]} 12. O-O-O {[%emt 0:00:50]} Nb6 {[%emt 0:06:16]} 13. g5 {[%emt 0:10:59]} Nfd7 {[%emt 0:02:03]} 14. g6 {[%emt 0:05:22]} Qe7 {[%emt 0:07:06]} 15. gxf7+ {[%emt 0:00:22]} Qxf7 {[%emt 0:00:06]} 16. Ng6 {[%emt 0:00:28]} Rg8 {[%emt 0:00:39]} 17. Rhg1 {[%emt 0:04:56]} O-O-O {[%emt 0:03:45]} 18. Kb1 {[%emt 0:07:01]} Nc4 {[%emt 0:05:18]} 19. e4 {[%emt 0:04:27]} Nf8 {[%emt 0:05:04]} 20. e5 {[%emt 0:12:27]} Nxg6 {[%emt 0:01:19]} 21. Rxg6 {[%emt 0:03:21]} Rdf8 {[%emt 0:07:03]} 22. Rdg1 {[%emt 0:05:18]} Qxf3 {[%emt 0:05:56]} 23. Rxe6 {[%emt 0:00:42]} Qxd3 {[%emt 0:04:09]} 24. cxd3 {[%emt 0:00:09]} Nd2+ {[%emt 0:00:07]} 25. Kc1 {[%emt 0:02:06]} Nf3 {[%emt 0:00:14]} 26. Rh1 {[%emt 0:06:26]} Nxd4 {[%emt 0:00:55]} 27. Rg6 {[%emt 0:01:20]} Re8 {[%emt 0:05:41]} 28. Rg4 {[%emt 0:01:53]} c5 {[%emt 0:05:25]} 29. Nxd5 {[%emt 0:01:36]} Rxe5 {[%emt 0:00:08]} 30. Nf6 {[%emt 0:00:39]} Rf8 {[%emt 0:04:30]} 31. Ne4 {[%emt 0:00:22]} Ne6 {[%emt 0:00:29]} 32. Kd2 {[%emt 0:03:33]} Rd8 {[%emt 0:00:47]} 33. Kc3 {[%emt 0:02:07]} h5 {[%emt 0:02:11]} 34. Rg3 {[%emt 0:00:28]} Nf4 {[%emt 0:00:19]} 35. Re1 {[%emt 0:01:50]} Red5 {[%emt 0:01:42]} 36. Ree3 {[%emt 0:03:23]} b6 {[%emt 0:00:58]} 37. Nf2 {[%emt 0:04:41]} R8d7 {[%emt 0:00:31]} 38. Re8+ {[%emt 0:01:14]} Kb7 {[%emt 0:00:24]} 39. Rge3 {[%emt 0:01:09]} g5 {[%emt 0:01:50]} 40. hxg5 {[%emt 0:01:50]} Rxg5 {[%emt 0:00:12]} 41. Rf3 {[%emt 0:00:29]} Nd5+ {[%emt 0:01:04]} 42. Kc4 {[%emt 0:02:01]} 1-0

[Event "43rd Blackpool Chess Conference 2019"]
[Site "Blackpool"]
[Date "2019.03.09"]
[Round "2.12"]
[White "Ther, Mate"]
[Black "Boswell, Jacob Connor"]
[Result "1-0"]
[WhiteElo "1895"]
[BlackElo "2043"]
[Annotator "NA"]
[PlyCount "73"]
[EventDate "2019.03.08"]
[EventType "swiss"]
[EventCountry "ENG"]
[SourceTitle "playchess.com"]
[Source "ChessBase"]
[SourceQuality "1"]
[TimeControl "6600+10"]

1. e4 {[%emt 0:00:00]} e5 {[%emt 0:00:00]} 2. Nf3 {[%emt 0:00:00]} Nc6 {[%emt 0:00:10]} 3. Nc3 {[%emt 0:00:02]} Nf6 {[%emt 0:00:22]} 4. Bb5 {[%emt 0:00:06]} Bc5 {[%emt 0:00:45]} 5. O-O {[%emt 0:00:47]} O-O {[%emt 0:02:38]} 6. Nxe5 {[%emt 0:03:23]} Nxe5 {[%emt 0:02:51]} 7. d4 {[%emt 0:00:12]} Bb4 {[%emt 0:03:22]} 8. dxe5 {[%emt 0:00:26]} Bxc3 {[%emt 0:01:02]} 9. bxc3 {[%emt 0:00:56]} Nxe4 {[%emt 0:03:36]} 10. Qd4 {[%emt 0:05:44]} f5 {[%emt 0:11:44]} 11. Bc4+ {[%emt 0:01:36]} Kh8 {[%emt 0:00:28]} 12. Ba3 {[%emt 0:00:11]} d6 {[%emt 0:06:33]} 13. f3 {[%emt 0:01:06]} c5 {[%emt 0:10:13]} 14. Qe3 {[%emt 0:02:08]} Qg5 {[%emt 0:13:42]} 15. Qd3 {[%emt 0:06:51]} dxe5 {[%emt 0:12:55]} 16. fxe4 {[%emt 0:00:21]} f4 {[%emt 0:00:10]} 17. Bxc5 {[%emt 0:02:03]} Rd8 {[%emt 0:00:59]} 18. Bd5 {[%emt 0:00:27]} Bg4 {[%emt 0:00:35]} 19. Kh1 {[%emt 0:01:17]} b6 {[%emt 0:01:27]} 20. Bf2 {[%emt 0:03:12]} Rd6 {[%emt 0:03:03]} 21. c4 {[%emt 0:02:01]} Rf8 {[%emt 0:01:31]} 22. c5 {[%emt 0:03:10]} Rh6 {[%emt 0:00:33]} 23. Bg1 {[%emt 0:01:49]} f3 {[%emt 0:06:38]} 24. g3 {[%emt 0:05:45]} f2 {[%emt 0:12:14]} 25. Rxf2 {[%emt 0:03:36]} Rxf2 {[%emt 0:00:47]} 26. Bxf2 {[%emt 0:00:08]} Qh5 {[%emt 0:06:53]} 27. h4 {[%emt 0:01:00]} Be2 {[%emt 0:02:23]} 28. Qe3 {[%emt 0:02:16]} Rf6 {[%emt 0:00:44]} 29. c6 {[%emt 0:01:29]} Qg4 {[%emt 0:00:27]} 30. Kh2 {[%emt 0:01:22]} g5 {[%emt 0:01:33]} 31. c7 {[%emt 0:03:06]} Ba6 {[%emt 0:00:34]} 32. Rg1 {[%emt 0:00:45]} Bc8 {[%emt 0:00:01]} 33. Rg2 {[%emt 0:01:20]} h6 {[%emt 0:01:51]} 34. Qc3 {[%emt 0:03:50]} Rg6 {[%emt 0:02:04]} 35. Qxe5+ {[%emt 0:00:50]} Kh7 {[%emt 0:00:20]} 36. Bd4 {[%emt 0:00:30]} Qh3+ {[%emt 0:00:27]} 37. Kg1 {[%emt 0:00:09]} 1-0

[Event "43rd Blackpool Chess Conference 2019"]
[Site "Blackpool"]
[Date "2019.03.09"]
[Round "3.1"]
[White "McPhillips, Joseph"]
[Black "Molano Lafuente, Ismael"]
[Result "1-0"]
[WhiteElo "2407"]
[BlackElo "1956"]
[Annotator "ChessBase"]
[PlyCount "89"]
[EventDate "2019.03.08"]
[EventType "swiss"]
[EventCountry "ENG"]
[SourceTitle "playchess.com"]
[Source "ChessBase"]
[SourceQuality "1"]
[TimeControl "6600+10"]

1. e4 {[%emt 0:00:00]} d6 {[%emt 0:05:24]} 2. d4 {[%emt 0:00:01]} Nf6 {[%emt 0:00:53]} 3. f3 {[%emt 0:00:29]} e5 {[%emt 0:00:18]} 4. Ne2 {[%emt 0:07:11]} Be7 {[%emt 0:00:35]} 5. Be3 {[%emt 0:00:36]} c6 {[%emt 0:00:30]} 6. Qd2 {[%emt 0:00:50]} Nbd7 {[%emt 0:01:01]} 7. Nbc3 {[%emt 0:14:56]} Qa5 {[%emt 0:05:46]} 8. g4 {[%emt 0:04:05]} b5 {[%emt 0:09:46]} 9. g5 {[%emt 0:05:29]} Nh5 {[%emt 0:01:12]} 10. d5 {[%emt 0:02:26]} c5 {[%emt 0:03:59]} 11. Ng3 {[%emt 0:00:21]} Nxg3 {[%emt 0:01:04]} 12. hxg3 {[%emt 0:00:03]} a6 {[%emt 0:03:32]} 13. f4 {[%emt 0:01:59]} Bb7 {[%emt 0:06:03]} 14. Bh3 {[%emt 0:05:12]} f6 {[%emt 0:07:09]} 15. Bxd7+ {[%emt 0:19:02]} Kxd7 {[%emt 0:00:02]} 16. f5 {[%emt 0:00:17]} Rag8 {[%emt 0:04:15]} 17. g4 {[%emt 0:02:46]} Qd8 {[%emt 0:01:04]} 18. gxf6 {[%emt 0:00:24]} gxf6 {[%emt 0:00:26]} 19. Rh4 {[%emt 0:00:30]} Qe8 {[%emt 0:02:05]} 20. Qh2 {[%emt 0:02:50]} Rg7 {[%emt 0:02:30]} 21. O-O-O {[%emt 0:00:42]} Qg8 {[%emt 0:00:52]} 22. Qh3 {[%emt 0:01:06]} Kd8 {[%emt 0:04:55]} 23. Rh1 {[%emt 0:00:26]} Bc8 {[%emt 0:04:58]} 24. Ne2 {[%emt 0:00:40]} Bd7 {[%emt 0:00:08]} 25. Bh6 {[%emt 0:00:22]} Rf7 {[%emt 0:00:26]} 26. Qa3 {[%emt 0:00:11]} Bc8 {[%emt 0:01:36]} 27. Rg1 {[%emt 0:00:43]} Ke8 {[%emt 0:02:49]} 28. Qe3 {[%emt 0:00:56]} Bf8 {[%emt 0:01:27]} 29. g5 {[%emt 0:01:19]} Bxh6 {[%emt 0:01:57]} 30. Rxh6 {[%emt 0:03:06]} Qf8 {[%emt 0:01:12]} 31. Qh3 {[%emt 0:00:28]} fxg5 {[%emt 0:09:27]} 32. Rxg5 {[%emt 0:00:04]} Kd7 {[%emt 0:01:33]} 33. Rgg6 {[%emt 0:09:00]} Kc7 {[%emt 0:06:54]} 34. Rxd6 {[%emt 0:00:27]} Qxd6 {[%emt 0:05:02]} 35. Rxd6 {[%emt 0:00:09]} Kxd6 {[%emt 0:00:03]} 36. Qh6+ {[%emt 0:00:10]} Kc7 {[%emt 0:00:21]} 37. Qc6+ {[%emt 0:00:36]} Kd8 {[%emt 0:00:21]} 38. Qd6+ {[%emt 0:00:13]} Bd7 {[%emt 0:01:29]} 39. Qb8+ {[%emt 0:01:01]} Bc8 {[%emt 0:00:15]} 40. Qd6+ {[%emt 0:00:08]} Bd7 {[%emt 0:00:09]} 41. Qb8+ {[%emt 0:00:06]} Bc8 {[%emt 0:00:07]} 42. Qxe5 {[%emt 0:00:06]} Re8 {[%emt 0:01:34]} 43. Qd6+ {[%emt 0:00:19]} Rd7 {[%emt 0:00:21]} 44. Qb6+ {[%emt 0:01:00]} Ke7 {[%emt 0:00:34]} 45. Nf4 {[%emt 0:01:43]} 1-0

[Event "43rd Blackpool Chess Conference 2019"]
[Site "Blackpool"]
[Date "2019.03.09"]
[Round "3.2"]
[White "White, Stuart A"]
[Black "Quillan, Gary"]
[Result "*"]
[WhiteElo "2108"]
[BlackElo "2353"]
[Annotator "NA"]
[PlyCount "70"]
[EventDate "2019.03.08"]
[EventType "swiss"]
[EventCountry "ENG"]
[SourceTitle "playchess.com"]
[Source "ChessBase"]
[SourceQuality "1"]
[TimeControl "6600+10"]

1. e4 {[%emt 1:50:10]} g6 {[%emt 1:50:10]} 2. d4 {[%emt 0:00:10]} Bg7 {[%emt 0:00:10]} 3. Nc3 {[%emt 0:00:10]} c5 {[%emt 0:00:10]} 4. d5 {[%emt 0:00:10]} d6 {[%emt 0:00:10]} 5. f4 {[%emt 0:00:10]} Bxc3+ {[%emt 0:00:10]} 6. bxc3 {[%emt 0:00:10]} Nf6 {[%emt 0:00:10]} 7. Bb5+ {[%emt 0:00:10]} Bd7 {[%emt 0:00:10]} 8. Bxd7+ {[%emt 0:00:10]} Nbxd7 {[%emt 0:00:10]} 9. Qf3 {[%emt 0:00:10]} Qa5 {[%emt 0:00:10]} 10. Ne2 {[%emt 0:00:10]} Qa4 {[%emt 0:00:10]} 11. Ng3 {[%emt 0:00:10]} Qc4 {[%emt 0:00:10]} 12. Kf2 {[%emt 0:00:10]} h5 {[%emt 0:00:10]} 13. Re1 {[%emt 0:00:10]} g5 {[%emt 0:00:10]} 14. Qd3 {[%emt 0:00:10]} Qxd3 {[%emt 0:00:10]} 15. cxd3 {[%emt 0:00:10]} gxf4 {[%emt 0:00:10]} 16. Bxf4 {[%emt 0:00:10]} Ng4+ {[%emt 0:00:10]} 17. Kg1 {[%emt 0:00:10]} Nge5 {[%emt 0:00:10]} 18. Re3 {[%emt 0:00:10]} Ng4 {[%emt 0:00:10]} 19. Re2 {[%emt 0:00:10]} Nge5 {[%emt 0:00:10]} 20. d4 {[%emt 0:00:10]} cxd4 {[%emt 0:00:10]} 21. cxd4 {[%emt 0:00:10]} Ng6 {[%emt 0:00:10]} 22. Bg5 {[%emt 0:00:10]} f6 {[%emt 0:00:10]} 23. Be3 {[%emt 0:00:10]} Rc8 {[%emt 0:00:10]} 24. Rb1 {[%emt 0:00:10]} Rc7 {[%emt 0:00:10]} 25. Reb2 {[%emt 0:00:10]} Nb6 {[%emt 0:00:10]} 26. Nf5 {[%emt 0:00:10]} Kd7 {[%emt 0:00:10]} 27. Ng7 {[%emt 0:00:10]} Rhc8 {[%emt 0:00:10]} 28. Ne6 {[%emt 0:00:10]} Rc3 {[%emt 0:00:10]} 29. Bd2 {[%emt 0:00:10]} R3c4 {[%emt 0:00:10]} 30. h3 Nf8 {[%emt 0:00:10]} 31. Nxf8+ Rxf8 32. Ba5 Rxd4 33. Bxb6 axb6 34. Rxb6 {[%emt 0:00:50]} Rxe4 {[%emt 0:00:40]} 35. Rxb7+ {[%emt 0:00:10]} Ke8 {[%emt 0:00:10]} *

[Event "43rd Blackpool Chess Conference 2019"]
[Site "Blackpool"]
[Date "2019.03.09"]
[Round "3.2"]
[White "White, Stuart A"]
[Black "Quillan, Gary"]
[Result "1-0"]
[WhiteElo "2108"]
[BlackElo "2353"]
[Annotator "TA"]
[PlyCount "108"]
[EventDate "2019.03.08"]
[EventType "swiss"]
[EventCountry "ENG"]
[SourceTitle "playchess.com"]
[Source "ChessBase"]
[SourceQuality "1"]

{[%evp 18,108,37,30,47,4,0,0,0,-6,43,41,41,51,57,9,18,13,30,14,85,56,43,52,67,50,104,83,92,73,89,-3,22,31,56,33,29,29,64,60,106,0,0,-224,-208,-219,-206,-220,-206,-216,-242,-523,-524,-447,-213,-437,-459,-445,-443,-1479,0,0,0,0,0,0,75,75,1081,63,1723,855,855,855,855,845,764,83,83,74,74,79,75,-12825,-8995,-29985,-29986,-29987,-29988,-29997,-29998,-29998,-29999]} 1. d4 e6 2. c4 Nf6 3. Nc3 c5 4. d5 exd5 5. cxd5 d6 6. Nf3 g6 7. Bf4 a6 8. a4 Bg7 9. h3 O-O 10. e3 Re8 {A61: Modern Benoni: Nf3 without early e4} 11. Be2 Ne4 12. Nxe4 Rxe4 {The position is equal.} 13. Nd2 Rxf4 14. exf4 Bxb2 15. Ra2 $36 {[%mdl 2048] White has good play.} Bg7 $146 ({Predecessor:} 15... Bc3 16. O-O Qc7 17. Nc4 b6 18. Qb3 {1-0 (26) Dziuba,M (2584)-Goluch,P (2308) Katowice 2017}) 16. Bg4 Bxg4 17. hxg4 Nd7 18. O-O Nf6 (18... b5 $1 $11 {remains equal.}) 19. Qf3 $16 b5 20. g5 Ne8 $1 21. f5 Be5 (21... Nc7 $14) 22. Qe4 b4 23. f6 Rb8 24. Qc4 (24. Nb3 $1 $16) 24... Qc8 25. Nb3 Qf5 26. f4 Bc3 27. Re2 {Na5 is the strong threat.} Nc7 28. Rd1 h6 29. Na5 (29. gxh6 Bxf6 30. g3 Kh7 $17) ({White should try} 29. Re7 $16) 29... Qg4 $11 30. Nc6 $2 (30. gxh6 $2 Re8 $17) (30. f5 $1 $11 Bd4+ 31. Rxd4 $1 {[%mdl 512]} Qxd4+ 32. Qxd4 cxd4 33. Nc6) 30... Re8 $19 31. Rxe8+ Nxe8 32. Rf1 {Strongly threatening Qe4.} hxg5 33. Qxa6 Nxf6 ({Inferior is} 33... Bxf6 34. Qb7 $11) 34. fxg5 $2 (34. a5 {keeps fighting.} Nxd5 35. f5 {[%mdl 64] Decoy} gxf5 36. Qd3) 34... Qxg5 {White must now prevent ...Qe3+.} ({Less strong is} 34... Nxd5 35. Qd3 $17) 35. Qd3 Nxd5 (35... Bd2 $142 {And now ...Be3+ would win.} 36. Rxf6 Be3+ 37. Rf2 Qf4 38. Qxe3 Qxe3) 36. a5 $2 (36. Qf3 {is the only way for White.} Qe3+ 37. Qxe3 Nxe3 38. Rc1) 36... Ne3 {[%csl Ge3][%cal Rg5g2]} 37. Rf2 {aiming for a6.} Ng4 38. Rc2 {[#]} (38. Rf1 $142 Bd2 39. g3) 38... Qh4 $2 (38... c4 $1 $19 39. Qe4 (39. Qxc4 Qe3+) 39... Qc5+ 40. Kf1 b3) 39. g3 $11 Qg5 40. a6 $1 {[%cal Ra6a7] Threatens to win with a7.} c4 41. Qf3 Ne5 (41... Qc5+ $11 42. Kg2 Ne3+ 43. Kh2 Ng4+ $1 {[%mdl 512]} 44. Qxg4 Qxc6) 42. Nxe5 $16 Qxe5 $4 {[%mdl 12288] Endgame KQR-KQB} (42... Bd4+ $16 43. Kg2 dxe5) 43. Kg2 $2 (43. Rf2 $18 Bd4 44. Qxf7+ {[%mdl 64] Double Attack} Kh8 {[#]} 45. a7 $1 {[%mdl 512]} Bxf2+ 46. Qxf2 Qa1+ 47. Kh2) 43... Qd4 $2 {[%mdl 8192]} (43... Bd4 $14) 44. Rf2 (44. Qb7 $142 b3 45. Rf2 Qxf2+ 46. Kxf2 Bd4+ 47. Kf3) 44... Qa7 $18 45. Qb7 Bd4 46. Rxf7 Qxb7+ 47. Rxb7 $2 {KR-KB} (47. axb7 $18 {is the precise move to win.} Kxf7 48. b8=Q {[%mdl 64] Double Attack}) 47... b3 $16 48. Kf3 c3 49. Rxb3 c2 50. Rb8+ $2 {[%mdl 8192]} (50. a7 $16 c1=Q 51. a8=Q+ Kh7 52. Kg4 (52. Rb7+ Bg7 $11)) 50... Kg7 $19 51. Rc8 Bc5 {Black mates.} 52. a7 c1=Q 53. a8=Q Qf1+ 54. Kg4 Qf5+ {[%mdl 32768] Accuracy: White = 28%, Black = 37%. . Loss on time!?} 1-0

[Event "43rd Blackpool Chess Conference 2019"]
[Site "Blackpool"]
[Date "2019.03.09"]
[Round "3.3"]
[White "Hebden, Mark L"]
[Black "Phillips, David A"]
[Result "1-0"]
[WhiteElo "2417"]
[BlackElo "2040"]
[Annotator "RC"]
[PlyCount "85"]
[EventDate "2019.03.08"]
[EventType "swiss"]
[EventCountry "ENG"]
[SourceTitle "playchess.com"]
[Source "ChessBase"]
[SourceQuality "1"]
[TimeControl "6600+10"]

1. d4 {[%emt 0:00:00]} Nf6 {[%emt 0:04:40]} 2. Nf3 {[%emt 0:00:02]} c5 {[%emt 0:01:31]} 3. d5 {[%emt 0:00:08]} d6 {[%emt 0:00:04]} 4. Nc3 {[%emt 0:00:12]} g6 {[%emt 0:00:44]} 5. e4 {[%emt 0:00:09]} Bg7 {[%emt 0:02:02]} 6. Be2 {[%emt 0:00:31]} O-O {[%emt 0:00:45]} 7. O-O {[%emt 0:00:08]} Bg4 {[%emt 0:00:03]} 8. a4 {[%emt 0:01:47]} Bxf3 {[%emt 0:02:13]} 9. Bxf3 {[%emt 0:00:09]} Na6 {[%emt 0:00:06]} 10. Re1 {[%emt 0:01:23]} Nd7 {[%emt 0:00:41]} 11. Bg5 {[%emt 0:01:07]} Re8 {[%emt 0:00:40]} 12. Qd2 {[%emt 0:00:33]} Nc7 {[%emt 0:06:54]} 13. Be2 {[%emt 0:01:22]} a6 {[%emt 0:00:54]} 14. a5 {[%emt 0:00:40]} b5 {[%emt 0:04:44]} 15. axb6 {[%emt 0:00:20]} Nxb6 {[%emt 1:26:29]} 16. Ra2 {[%emt 0:00:59]} Qd7 {[%emt 0:00:00]} 17. Rea1 {[%emt 0:02:28]} Nb5 {[%emt 0:00:00]} 18. Nd1 {[%emt 0:05:46]} Nd4 {[%emt 0:00:00]} 19. Rxa6 {[%emt 0:01:49]} h6 {[%emt 0:00:00]} 20. Be3 {[%emt 0:01:12]} Rxa6 {[%emt 0:00:00]} 21. Rxa6 {[%emt 0:00:46]} Nxe2+ {[%emt 0:00:00]} 22. Qxe2 {[%emt 0:00:11]} Rb8 {[%emt 0:00:00]} 23. b3 {[%emt 0:05:33]} Nc8 {[%emt 0:00:00]} 24. Bd2 {[%emt 0:01:18]} Na7 {[%emt 0:00:00]} 25. Bc3 {[%emt 0:02:34]} Nb5 {[%emt 0:00:00]} 26. Bxg7 {[%emt 0:00:11]} Kxg7 {[%emt 0:00:00]} 27. Ne3 {[%emt 0:00:24]} Qb7 {[%emt 0:00:00]} 28. Ra1 {[%emt 0:01:16]} Nd4 {[%emt 0:00:00]} 29. Qd1 {[%emt 0:02:46]} Qb4 {[%emt 0:00:00]} 30. Qd3 {[%emt 0:01:38]} Rb7 {[%emt 0:00:00]} 31. Kf1 {[%emt 0:01:48]} h5 {[%emt 0:00:00]} 32. Nc4 {[%emt 0:03:17]} Qb5 {[%emt 0:00:00]} 33. Kg1 {[%emt 0:00:56]} f6 {[%emt 0:00:00]} 34. h3 {[%emt 0:00:17]} Qd7 {[%emt 0:00:00]} 35. Kh2 {[%emt 0:01:57]} Rb8 {[%emt 0:00:00]} 36. Qd2 {[%emt 0:00:35]} Rb7 {[%emt 0:00:00]} 37. Ne3 {[%emt 0:05:29]} Rb8 {[%emt 0:00:00]} 38. Ra4 {[%emt 0:01:50]} Rb7 {[%emt 0:00:00]} 39. Rc4 {[%emt 0:00:58]} e5 {[%emt 0:00:00]} 40. Ra4 {[%emt 0:01:23]} Ra7 {[%emt 0:00:00]} 41. Rxa7 {[%emt 0:03:32]} Qxa7 {[%emt 0:00:00]} 42. Nc4 {[%emt 0:00:16]} Qa6 {[%emt 0:00:00]} 43. f4 {[%emt 0:00:31]} 1-0

[Event "43rd Blackpool Chess Conference 2019"]
[Site "Blackpool"]
[Date "2019.03.09"]
[Round "3.4"]
[White "Fallowfield, Jeremy R"]
[Black "Milson, Samuel A"]
[Result "1/2-1/2"]
[WhiteElo "2134"]
[BlackElo "2096"]
[Annotator "NA"]
[PlyCount "53"]
[EventDate "2019.03.08"]
[EventType "swiss"]
[EventCountry "ENG"]
[SourceTitle "playchess.com"]
[Source "ChessBase"]
[SourceQuality "1"]
[TimeControl "6600+10"]

1. d4 {[%emt 0:03:13]} d5 {[%emt 0:00:00]} 2. c4 {[%emt 0:00:14]} c6 {[%emt 0:00:05]} 3. Nf3 {[%emt 0:00:51]} Nf6 {[%emt 0:00:09]} 4. Nc3 {[%emt 0:00:15]} dxc4 {[%emt 0:00:14]} 5. a4 {[%emt 0:00:46]} Bf5 {[%emt 0:00:09]} 6. Nh4 {[%emt 0:02:29]} Bg6 {[%emt 0:02:51]} 7. Nxg6 {[%emt 0:00:36]} hxg6 {[%emt 0:00:07]} 8. e4 {[%emt 0:00:10]} e5 {[%emt 0:02:28]} 9. Be3 {[%emt 0:04:11]} Bb4 {[%emt 0:01:22]} 10. f3 {[%emt 0:02:30]} b5 {[%emt 0:10:26]} 11. axb5 {[%emt 0:03:03]} cxb5 {[%emt 0:00:16]} 12. dxe5 {[%emt 0:00:49]} Qxd1+ {[%emt 0:00:24]} 13. Kxd1 {[%emt 0:00:32]} Bxc3 {[%emt 0:00:18]} 14. bxc3 {[%emt 0:00:23]} Nfd7 {[%emt 0:00:09]} 15. e6 {[%emt 0:05:03]} fxe6 {[%emt 0:00:36]} 16. Rxa7 {[%emt 0:01:56]} Rxa7 {[%emt 0:00:07]} 17. Bxa7 {[%emt 0:00:05]} Nc6 {[%emt 0:00:06]} 18. Be3 {[%emt 0:00:40]} Ke7 {[%emt 0:02:19]} 19. Kc2 {[%emt 0:01:57]} Ra8 {[%emt 0:04:04]} 20. Kb2 {[%emt 0:01:24]} Na5 {[%emt 0:10:29]} 21. Be2 {[%emt 0:01:44]} Nb3 {[%emt 0:00:34]} 22. Bd1 {[%emt 0:01:48]} Nbc5 {[%emt 0:04:21]} 23. Bc2 {[%emt 0:04:07]} Kd6 {[%emt 0:03:36]} 24. f4 {[%emt 0:11:22]} Na4+ {[%emt 0:02:23]} 25. Bxa4 {[%emt 0:02:30]} Rxa4 {[%emt 0:00:16]} 26. Rd1+ {[%emt 0:01:06]} Ke7 {[%emt 0:01:20]} 27. Bd4 {[%emt 0:02:15]} 1/2-1/2